Learning from experience (Record no. 17031)
[ view plain ]
| 000 -LEADER | |
|---|---|
| fixed length control field | 01371cam a2200385 a 4500 |
| 001 - CONTROL NUMBER | |
| control field | 15647071 |
| 003 - CONTROL NUMBER IDENTIFIER | |
| control field | OSt |
| 005 - DATE AND TIME OF LATEST TRANSACTION | |
| control field | 20140310182856.0 |
| 008 - FIXED-LENGTH DATA ELEMENTS--GENERAL INFORMATION | |
| fixed length control field | 090305s2008 ph a b 100 0 eng |
| 010 ## - LIBRARY OF CONGRESS CONTROL NUMBER | |
| LC control number | 2009316193 |
| 020 ## - INTERNATIONAL STANDARD BOOK NUMBER | |
| International Standard Book Number | 9789719241898 |
| 040 ## - CATALOGING SOURCE | |
| Original cataloging agency | DLC |
| Transcribing agency | DLC |
| 042 ## - AUTHENTICATION CODE | |
| Authentication code | lcode |
| -- | pcc |
| 043 ## - GEOGRAPHIC AREA CODE | |
| Geographic area code | a------ |
| 050 00 - LIBRARY OF CONGRESS CALL NUMBER | |
| Classification number | HD 3424.A8 |
| Item number | .L433 2008 |
| 082 ## - DEWEY DECIMAL CLASSIFICATION NUMBER | |
| Classification number | FIL 334 |
| Item number | .L433 2008 |
| 245 00 - TITLE STATEMENT | |
| Title | Learning from experience |
| Remainder of title | co-op business development centers |
| Statement of responsibility, etc | [writer/editor, Cecile S. Abis] |
| 246 30 - VARYING FORM OF TITLE | |
| Title proper/short title | Co-op business development centers |
| 260 ## - PUBLICATION, DISTRIBUTION, ETC. (IMPRINT) | |
| Place of publication, distribution, etc | Quezon City, Philippines |
| Name of publisher, distributor, etc | Published and distributed by Asian Women in Co-operative Development Forum |
| Date of publication, distribution, etc | 2008 |
| 300 ## - PHYSICAL DESCRIPTION | |
| Extent | viii, 81 p. |
| Other physical details | ill. |
| Dimensions | 26 cm. |
| 490 0# - SERIES STATEMENT | |
| Series statement | AWCF monograph ; |
| Volume number/sequential designation | no. 5 |
| 504 ## - BIBLIOGRAPHY, ETC. NOTE | |
| Bibliography, etc | Includes bibliographical references (p. [83]). |
| 521 ## - TARGET AUDIENCE NOTE | |
| Target audience note | |
| 526 ## - STUDY PROGRAM INFORMATION NOTE | |
| Reading level | 1210L to 1700L |
| 541 ## - IMMEDIATE SOURCE OF ACQUISITION NOTE | |
| -- | 1 |
| 562 ## - COPY AND VERSION IDENTIFICATION NOTE | |
| Number of copies | For Circulation. 1 Copy Available in the Collection |
| 650 #0 - SUBJECT ADDED ENTRY--TOPICAL TERM | |
| Topical term or geographic name as entry element | Women in cooperative societies |
| Geographic subdivision | Asia |
| Form subdivision | Congresses. |
| 650 #0 - SUBJECT ADDED ENTRY--TOPICAL TERM | |
| Topical term or geographic name as entry element | Women in development |
| Geographic subdivision | Asia |
| Form subdivision | Congresses. |
| 650 #0 - SUBJECT ADDED ENTRY--TOPICAL TERM | |
| Topical term or geographic name as entry element | Women in economic development |
| Geographic subdivision | Asia |
| Form subdivision | Congresses. |
| 700 1# - ADDED ENTRY--PERSONAL NAME | |
| Personal name | Abis, Cecile S. |
| 710 2# - ADDED ENTRY--CORPORATE NAME | |
| Corporate name or jurisdiction name as entry element | Asian Women in Co-operative Development Forum. |
| 906 ## - LOCAL DATA ELEMENT F, LDF (RLIN) | |
| a | 7 |
| b | cbc |
| c | origode |
| d | 3 |
| e | ncip |
| f | 20 |
| g | y-gencatlg |
| 942 ## - ADDED ENTRY ELEMENTS (KOHA) | |
| Source of classification or shelving scheme | Library of Congress Classification |
| Koha item type | Books |
| Call number prefix | Filipininana |
| Withdrawn status | Lost status | Source of classification or shelving scheme | Damaged status | Home library | Current library | Shelving location | Date acquired | Total Checkouts | Full call number | Barcode | Date last seen | Copy number | Price effective from | Koha item type |
|---|---|---|---|---|---|---|---|---|---|---|---|---|---|---|
| Library of Congress Classification | College Library | College Library | Filipiniana Section | 06/05/2012 | HD 3424 .L433 2008 | c13849 | 05/08/2018 | 1 | 06/05/2012 | Books |